书目信息 |
| 题名: |
从新视角看汉字:俗文字学
|
|
| 作者: | 陈五云 著 | |
| 分册: | ||
| 出版信息: | 郑州 河南人民出版社 2000.01 |
|
| 页数: | 176页 | |
| 开本: | 32开 | |
| 丛书名: | ||
| 单 册: | ||
| 中图分类: | H124.3 | |
| 科图分类: | ||
| 主题词: | 汉字--文字学 | |
| 电子资源: | ||
| ISBN: | 7-215-04000-3 | |
| 000 | 00569nam0 2200193 45 | |
| 001 | 0007251505 | |
| 005 | 20000725154203.8 | |
| 010 | @a7-215-04000-3@d9.00元 | |
| 100 | @a20000725d2000 km y0chiy0120 ea | |
| 101 | 0 | @achi |
| 105 | @a z 000yy | |
| 200 | 1 | @a从新视角看汉字:俗文字学@ACong Xin Shi Jiao Kan Han Zi:Su Wen Zi Xue@f陈五云 著@FChen Wu Yun Zhu |
| 210 | @a郑州@c河南人民出版社@d2000.01 | |
| 215 | @a176页@d32开 | |
| 606 | 0 | @a汉字@x文字学 |
| 690 | @aH124.3@v3 | |
| 701 | 0 | @a陈五云@4著 |
| 801 | @aCN@bPftUser@c20000725 | |
| 905 | @b78361-365@dH124.3@eCH927@f5 | |
| 从新视角看汉字:俗文字学/陈五云 著.-郑州:河南人民出版社,2000.01 |
| 176页;32开 |
| ISBN 7-215-04000-3:9.00元 |
| ● |
| 相关链接 |
|
|
|
正题名:从新视角看汉字:俗文字学
索取号:H124.3/CH927
 
预约/预借
| 序号 | 登录号 | 条形码 | 馆藏地/架位号 | 状态 | 备注 |
| 1 | 78361 | 200783615 | 语言库209/209语言库 71排2列2层/ [索取号:H124.3/CH927] | 在馆 | |
| 2 | 78362 | 200783624 | 语言库209/209语言库 71排2列2层/ [索取号:H124.3/CH927] | 在馆 | |
| 3 | 78363 | 200783633 | 语言库209/209语言库 71排2列2层/ [索取号:H124.3/CH927] | 在馆 | |
| 4 | 78364 | 200783642 | 语言库209/209语言库 71排2列2层/ [索取号:H124.3/CH927] | 在馆 | |
| 5 | 78365 | 200783651 | 语言库209/209语言库 71排2列2层/ [索取号:H124.3/CH927] | 在馆 |